Sports Quiz

Random Sports Quiz

Athletes Close Up Quiz Stats

Quiz Updated Sep 18, 2012

Challenge
Share
Tweet
Score 0/24 Timer 06:00
3 Plays Today
Number Athlete % Correct
14Michael Phelps
89.1%
15Kobe Bryant
87.9%
23Michael Jordan
80.7%
9Lance Armstrong
79.7%
17Roger Federer
75.9%
13Evander Holyfield
71%
24Randy Johnson
70.3%
18James Harden
67.5%
10Tim Tebow
65.3%
1Anthony Davis
63.2%
4Clay Matthews
61.3%
21Chris Andersen
58.4%
Number Athlete % Correct
22Brian Wilson
55.7%
3Rollie Fingers
52.2%
12Orenthal James Simpson
50.4%
11Horace Grant
47.6%
2Misty May-Treanor
46.2%
19Brandi Chastain
45.5%
16Jaromir Jagr
44.9%
6Moisés Alou
44.7%
5Tom Dempsey
19.9%
7Nicklas Lidström
19.5%
20Torrold 'Rod' Smart
17.2%
8Emmitt Smith
16.9%

You're not logged in!

Compare scores with friends on all Sporcle quizzes.
Sign Up with Email
OR
Log In

You Might Also Like...

Show Comments

Extras

Top Quizzes Today


Score Distribution

Your Account Isn't Verified!

In order to create a playlist on Sporcle, you need to verify the email address you used during registration. Go to your Sporcle Settings to finish the process.